Construction industry output and employment 2002 Q1 (Record no. 70450)

MARC details
000 -LEADER
fixed length control field 00932cam a2200217 4500
001 - CONTROL NUMBER
control field WB3821-03
008 - FIXED-LENGTH DATA ELEMENTS--GENERAL INFORMATION
fixed length control field 020611n2002 000 0 eng u
035 ## - SYSTEM CONTROL NUMBER
System control number (Sirsi) u118357
245 ## - TITLE STATEMENT
Title Construction industry output and employment 2002 Q1
260 ## - PUBLICATION, DISTRIBUTION, ETC.
Date of publication, distribution, etc. 2002
490 ## - SERIES STATEMENT
Series statement DTI Press Release
Volume/sequential designation (OEC-Q102) 7 June 2002 (2)
520 ## - SUMMARY, ETC.
Summary, etc. Total volume of construction output in the year to the first quarter of 2002 rose by 5% compared to the previous 12 months. Overall new work and repair and maintenance work rose. Employees in employment in January 2002 was 7% higher compared with October 2001. All tables are available from http://www2.dti.gov.uk/construction/stats/070602/pressrel070602.htm
590 ## - LOCAL NOTE (RLIN)
Local note WB
650 ## - SUBJECT ADDED ENTRY--TOPICAL TERM
Topical term or geographic name entry element CONSTRUCTION OUTPUT
650 ## - SUBJECT ADDED ENTRY--TOPICAL TERM
Topical term or geographic name entry element CONSTRUCTION WORK
650 ## - SUBJECT ADDED ENTRY--TOPICAL TERM
Topical term or geographic name entry element REPAIR WORK
650 ## - SUBJECT ADDED ENTRY--TOPICAL TERM
Topical term or geographic name entry element CONSTRUCTION EMPLOYMENT
650 ## - SUBJECT ADDED ENTRY--TOPICAL TERM
Topical term or geographic name entry element MAINTENANCE WORKS
690 ## - LOCAL SUBJECT ADDED ENTRY--TOPICAL TERM (OCLC, RLIN)
Topical term or geographic name as entry element BUILT ENVIRONMENT
942 ## - ADDED ENTRY ELEMENTS (KOHA)
Suppress in OPAC 0
Holdings
Withdrawn status Lost status Source of classification or shelving scheme Damaged status Not for loan Home library Current library Shelving location Date acquired Total Checkouts Full call number Barcode Date last seen Copy number Price effective from Koha item type
    Dewey Decimal Classification     London London News article 11/06/2002   WB3821-03 118357-1001 06/08/2019 1 06/08/2019 News article